000 00627nam a2200181Ia 4500
008 151202s9999||||xx |||||||||||||| ||und||
082 _bPNVM-83178
100 _aमोहाडीकर लीना.
245 _aकामविश्‍व सांसारिमांचे.
260 _b---
260 _c0
300 _a0
600 _aमोहाडीकर लीना.
630 _aकामविश्‍व सांसारिमांचे.
700 _aमोहाडीकर लीना.
730 _aकामविश्‍व सांसारिमांचे.
942 _cBOOK
999 _c1347962
_d1347959